| 000 | 00464nam a2200205Ia 4500 | ||
|---|---|---|---|
| 003 | 0100 | ||
| 008 | 130227s9999 xx 000 0 und d | ||
| 040 | _cARRUPELIB | ||
| 050 | _aRA644.A25W657 1996 | ||
| 100 | _aFarmer, Paul | ||
| 245 | _aWoman poverty and AIDS | ||
| 260 | _aMonroe | ||
| 260 | _bCommon Courage Press | ||
| 260 | _C1996 | ||
| 300 | _axxi | ||
| 300 | _b 473p. 20cm. | ||
| 650 | _bEbla, Syria | ||
| 650 | _cEbla tablets | ||
| 942 |
_2lcc _01 |
||
| 999 |
_c3591 _d3591 |
||